000 00591cam a22002292a 4500
001 009433
003 AR-FADEU
008 311216n1980####xxu####################dd
020 _a0-08-024590-0
092 _a420.7
_bE34w
100 _aEk, Jan Ate Van
245 _aWaystage english
260 _aOxford
260 _bPergamon Press
260 _c1980
300 _a101 p
440 _aCouncil of europe modern languages project
700 _aL. G., Alexander
650 _a/LINGUISTICA/INGLES-ESTUDIO Y ENSEÑANZA; METODOLOGIA/REVISADO/
546 _aInglés
942 _cBDGR
999 _c15230
_d15230